Principles of sustainable energy systems / (Record no. 22803)

MARC details
000 -LEADER
fixed length control field 00666cam a22002178i 4500
003 - CONTROL NUMBER IDENTIFIER
control field KenMUT
005 - DATE AND TIME OF LATEST TRANSACTION
control field 20250519125128.0
008 - FIXED-LENGTH DATA ELEMENTS--GENERAL INFORMATION
fixed length control field 250310s2026 flu ob 001 0 eng
020 ## - INTERNATIONAL STANDARD BOOK NUMBER
International Standard Book Number 9781498788922
040 ## - CATALOGING SOURCE
Transcribing agency MUT
050 00 - LIBRARY OF CONGRESS CALL NUMBER
Classification number TJ 808
Item number .K88 2019
100 1# - MAIN ENTRY--PERSONAL NAME
Personal name Kutscher, Charles F.
Relator term author
245 10 - TITLE STATEMENT
Title Principles of sustainable energy systems /
250 ## - EDITION STATEMENT
Edition statement 3rd edition.
260 ## - PUBLICATION, DISTRIBUTION, ETC.
Place of publication, distribution, etc. Boca Raton, FL :
Name of publisher, distributor, etc. CRC Press,
Date of publication, distribution, etc. 2019
650 #0 - SUBJECT ADDED ENTRY--TOPICAL TERM
Topical term or geographic name entry element Renewable energy sources
650 #0 - SUBJECT ADDED ENTRY--TOPICAL TERM
Topical term or geographic name entry element Electric power production
700 1# - ADDED ENTRY--PERSONAL NAME
Personal name Milford, Jana B.
Relator term author
700 1# - ADDED ENTRY--PERSONAL NAME
Personal name Kreith, Frank
Relator term author
942 ## - ADDED ENTRY ELEMENTS (KOHA)
Source of classification or shelving scheme Library of Congress Classification
Koha item type Books
Suppress in OPAC No
Holdings
Withdrawn status Lost status Source of classification or shelving scheme Damaged status Not for loan Home library Current library Shelving location Date acquired Source of acquisition Total checkouts Full call number Barcode Date last seen Price effective from Koha item type
    Library of Congress Classification     Murang'a University of Technology Library Murang'a University of Technology Library General stacks 19/05/2025 Purchase   TJ 808 .K88 2019 031827 19/05/2025 19/05/2025 Books
    Library of Congress Classification     Murang'a University of Technology Library Murang'a University of Technology Library General stacks 19/05/2025 Purchase   TJ 808 .K88 2019 031826 19/05/2025 19/05/2025 Books